醫學倫理實務. 第4輯 (Record no. 7645)
[ view plain ]
| 000 -LEADER | |
|---|---|
| fixed length control field | 00737cam a22002172i 4500 |
| 001 - CONTROL NUMBER | |
| control field | CIP113001917 |
| 003 - CONTROL NUMBER IDENTIFIER | |
| control field | YEEZEN |
| 005 - DATE AND TIME OF LATEST TRANSACTION | |
| control field | 20250701153023.0 |
| 008 - FIXED-LENGTH DATA ELEMENTS--GENERAL INFORMATION | |
| fixed length control field | 240202s2024 ch e 000 0 chi d |
| 020 ## - INTERNATIONAL STANDARD BOOK NUMBER | |
| International Standard Book Number | 9786267438213 |
| Qualifying information | (平裝) : |
| Terms of availability | NT$300 |
| 040 ## - CATALOGING SOURCE | |
| Original cataloging agency | CIP |
| Language of cataloging | chi |
| Transcribing agency | CIP |
| 042 ## - AUTHENTICATION CODE | |
| Authentication code | nbic |
| 084 ## - OTHER CLASSIFICATION NUMBER | |
| Classification number | 410.1619 |
| Number source | ncsclt |
| 090 ## - LOCALLY ASSIGNED LC-TYPE CALL NUMBER (OCLC); LOCAL CALL NUMBER (RLIN) | |
| Classification number (OCLC) (R) ; Classification number, CALL (RLIN) (NR) | 410.1619 |
| 245 10 - TITLE STATEMENT | |
| Title | 醫學倫理實務. 第4輯 |
| Statement of responsibility, etc. | 陶宏洋, 陳如意, 陳建良, 李聖玉, 唐逸文, 張素玉, 戴瑞芬, 楊淑雅, 陳菁菁, 廖美珍, 孫國清, 高志翔, 黃資雅, 張人尹著; 陳垚生主編 |
| 260 ## - PUBLICATION, DISTRIBUTION, ETC. | |
| Place of publication, distribution, etc. | 高雄市 : |
| Name of publisher, distributor, etc. | 高雄榮總, |
| Date of publication, distribution, etc. | 2024.04 |
| 300 ## - PHYSICAL DESCRIPTION | |
| Extent | 面 ; |
| Dimensions | 公分 |
| 650 #7 - SUBJECT ADDED ENTRY--TOPICAL TERM | |
| Source of heading or term | lcstt |
| Topical term or geographic name entry element | 醫學倫理 |
| 650 #7 - SUBJECT ADDED ENTRY--TOPICAL TERM | |
| Source of heading or term | lcstt |
| Topical term or geographic name entry element | 倫理教育 |
| 942 ## - ADDED ENTRY ELEMENTS (KOHA) | |
| Source of classification or shelving scheme | 中文圖書分類法 |
| Koha item type | 一般圖書 |
| 撤銷狀態 | 遺失狀態 | 分類號來源 | 損壞狀態 | 不外借 | 永久館藏地 | 現在館藏地 | 書架位置 | 採購日期 | 全部借出 | 完整索書號 | 條碼號 | 最後一次日期記錄 | 一般價格有效日期 | Koha館藏類型 | 公開資訊 |
|---|---|---|---|---|---|---|---|---|---|---|---|---|---|---|---|
| 未註銷館藏 | 未遺失 | 中文圖書分類法 | 未損毀 | 可外借 | 怡仁綜合醫院圖書館 | 怡仁綜合醫院圖書館 | 2025-07-01 | 410.1619 | C03227 | 2025-07-01 | 2025-07-01 | 一般圖書 | 匯集高雄榮民總醫院醫學倫理暨法律研討會討論案例,以不同角度分析探討臨床真實議題,包含倫理、法律層面,與多方專業人士(醫師、醫事、社工、心理、法律...等)觀點,並有作者心靈迴響小故事更豐富整體,提供給年輕醫事從業人員倫理教育。 |